000 00408 a2200145 4500
999 _c2608
_d2608
020 _a1861529848
050 _aHD 30.22 WAR 2004
100 _aWarmer, Malcolm
245 _aManaging in virtual organizations /
_cMallcolm Warmer and Morgen Witzel
264 _aAustralia
_bThomson
_c2004
300 _ax,159p.
500 _aincludes index
650 _aManaging organizations
942 _2lcc
_cBK
_h30.22
_iWAR
_kHD